000 00712na a2200253 4500
001 17015
003 MIRAKIL
005 20181213155122.0
008 161021b tu 000 0
020 _a9759612224
035 _a17015
040 _aMilas
_btur
_cTR-AnCHP
041 _atur
082 _a338.47384
_bK61y 2001
090 _a338.47384 K61y 2001
100 _aKoçal, Yakup
245 _aYerelden ulusala bilişim eylem planı
_cYakup Koçal
260 _aİstanbul
_b[yayl.y.]
_c2001
_fPromat Basım Yayın
300 _a84 s.
_btbl.
_c21 sm.
500 _aYapıt yazarından imzalıdır.
504 _aKaynakça var.
650 _aBilişim sektörü
_xBilgi teknolojileri
942 _2ddc
_cBKS
999 _c6904
_d6904